000 00586nam a2200169Ia 4500
008 090711s9999 xx 000 0 und d
082 _b18174
100 _aभावे पुरुषोत्तम भा.
245 _aसावल्या
260 _bदेशमुख आणि कंपनी पब्लिशर्स
_c1956
300 _a114
600 _aभावे पुरुषोत्तम भा.
630 _aसावल्या
700 _aभावे पुरुषोत्तम भा.
730 _aसावल्या
942 _cBOOK
999 _c313950
_d313950